| 000 | 00462nam a22001817a 4500 | ||
|---|---|---|---|
| 003 | CEME | ||
| 005 | 20210628205943.0 | ||
| 008 | 210209b xxu||||| |||| 00| 0 eng d | ||
| 020 | _a0-13-210675-2 | ||
| 040 | _c. | ||
| 082 | _a004.67 SAC | ||
| 100 |
_aStair, Henr Sachs, David _977633 |
||
| 245 | _aInstant internet with web surfer | ||
| 260 |
_aNEWYORK _bPRENTICE HALL _c1995 |
||
| 300 | _a217P | ||
| 650 |
_aINTERNET TOOLS,BASIC _977634 |
||
| 942 |
_cBK _2ddc |
||
| 999 |
_c582871 _d582871 |
||